Nueva York : (Registro nro. 285)

Detalles MARC
000 -Cabecera
Campo de control interno 00608nam a2200217Ia 4500
005 - Fecha y hora del registro
control field 20251205091138.0
008 - Elementos de Longitud Fija
fixed length control field 251203t2014||||xx |||||||||||||| ||spa||
020 ## - ISBN
ISBN 9788416127122
041 ## - Idioma
Codigo Idioma ESP
082 ## - DEWEY y NOTACIÓN INTERNA
Dewey 917.3
Notación Interna B141
100 ## - AUTOR
Autor denominación Bibb, Elizabeth,
Títulos y otras palabras asociadas con el nombre AUT
245 #0 - TÍTULO DE MATERIAL BIBLIOGRÁFICO
Título Nueva York :
Título paralelo entre tierra y cielo
260 ## - CIUDAD, EDITORIAL, AÑO
Ciudad [Barcelona] :
Nombre de la Editorial Luppa Solutions,
Año 2014
300 ## - DESCRIPCIÓN
N° Páginas 224 páginas :
Otros detalles fotografías ;
Dimensiones 20 cm.
650 ## - TEMAS
Temas Geografía
653 ## - DESCRIPTORES
Lenguajes no controlado Nueva York (Estados Unidos) - Fotografía aéreas
654 ## - PROGRAMAS
Programa Todos los programas
700 ## - OTROS AUTORES
Otros autores Yamashita, Michael
Títulos y otras palabras asociadas con el nombre autor
942 ## - ELEMENTOS DE KOHA
Tipo de documento Libro
Nombre del creador Justo Noguera
Código de catalogador Margarita Torres
Esquema de clasificación Dewey Decimal Classification
Existencias
Codigo completo Registro Colección Copia número Disponibilidad Tipo de préstamo Biblioteca Actual Procedencia (Biblioteca) Ubicacón Fecha Ingreso Tipo de Adquisición Date last seen Total checkouts Price effective from Tipo de Item Estado del Material Fuente de Clasificación Damaged status Withdrawn status
917.3 B141 1085164 Colección Vera Bejar 1   Restringido Víctor Andrés Belaunde Víctor Andrés Belaunde Planta baja cerrada 03/12/2025 Donación 03/12/2025   03/12/2025 Libro Bueno Dewey Decimal Classification   Withdrawn